| 000 | 01006nam a22002177a 4500 | ||
|---|---|---|---|
| 999 |
_c59550 _d59550 |
||
| 003 | Ge_BSU | ||
| 005 | 20230314144311.0 | ||
| 008 | 230314s2009 ge ||||| |||| 00| 0 geo d | ||
| 020 | _a9789941409349 | ||
| 041 | _ageo | ||
| 080 | _a343.163 ა-13 | ||
| 100 |
_aაბაშიძე, გივი _91912 |
||
| 245 |
_aსახელმწიფო ბრალდების მხარდაჭერისათვის მომზადების ტაქტიკა და მისი დაგეგმვა / _cგივი აბაშიძე; რედაქტორი ადამ მახარაძე. |
||
| 264 |
_aბათუმი : _bბსუ, _c2009. |
||
| 300 |
_a63 გვ.; _b20 სმ. |
||
| 504 | _aბიბლიოგრ. გვ. 62-63 | ||
| 653 | _aსამართალი | ||
| 653 | _aსახელმწიფო ბრალდება | ||
| 700 |
_aმახარაძე, ადამ _eრედაქტორი _95625 |
||
| 942 |
_2udc _cBK |
||